000 00729cam a22001811 4500
082 _a971.063
_bMUN
_cL-30, P-33
100 1 _aMunro, Ross.
_949018
245 1 0 _aGauntlet to Overlord;
_bthe story of the Canadian army,
_cby Ross Munro.
260 _aToronto,
_bThe Macmillan Company of Canada Limited,
_c1945.
300 _axiii, 477 p.
_bfront., illus. (maps) plates, ports.
_c22 cm.
526 _a0
_b0
_c0
_d971_063000000000000_MUN
650 0 _aMCE
_9379
650 0 _aWorld War, 1939-1945
_xAmphibious operations.
_949019
650 0 _aWorld War, 1939-1945
_xCampaigns
_zWestern Front.
650 0 _aWorld War, 1939-1945
_xPersonal narratives, Canadian.
_949020
650 0 _aWorld War, 1939-1945
_zCanada.
_949021
942 _2ddc
_cBK
999 _c551858
_d551858